La estrella caída (Record no. 181571)

MARC details
000 -LEADER
campo de control de longitud fija 00727nam a22001811i 4500
001 - NÚMERO DE CONTROL
campo de control 181571
003 - IDENTIFICADOR DE NÚMERO DE CONTROL
campo de control ES-MaACL
005 - FECHA Y HORA DE LA ÚLTIMA TRANSACCIÓN
campo de control 20250909175453.0
008 - DATOS DE LONGITUD FIJA--INFORMACIÓN GENERAL
campo de control de longitud fija 130218s1851 sp |||| | spa d
245 03 - MENCIÓN DEL TÍTULO
Título La estrella caída
Resto del título : novela /
Mención de responsabilidad, etc. traducida del inglés por D. Nemesio Fernández Cuesta.
260 ## - PUBLICACIÓN, DISTRIBUCIÓN, ETC.
Lugar de publicación, distribución, etc. Madrid :
Nombre del editor, distribuidor, etc. [s.n.],
Fecha de publicación, distribución, etc. 1851 (
Fabricante Tip. Andrés Peña)
300 ## - DESCRIPCIÓN FÍSICA
Extensión 47 p. ;
Dimensiones 24 cm.
490 1# - MENCIÓN DE SERIE
Mención de serie Obras Políticas, económicas y sociales de Don Nemesio Fernández Cuesta
700 1# - ENTRADA AGREGADA--NOMBRE PERSONAL
Nombre de persona Fernández Cuesta, Nemesio,
Fechas asociadas al nombre 1818-1893
9 (RLIN) 49614
830 0# - PUNTO DE ACCESO ADICIONAL DE SERIE-TÍTULO UNIFORME
Título uniforme Obras políticas, económicas y sociales de Nemesio Fernández Cuesta
9 (RLIN) 224740
852 ## - LOCALIZACIÓN
Ubicación ES-MaACL
Número de control de estantería Z-1-F-12
Encuadernación Olim: 1503-F-8
Holdings
Estatus retirado Estado de pérdida Estado de daño No para préstamo Colección Biblioteca de origen Biblioteca actual Ubicación en estantería Fecha de adquisición Fuente de adquisición Total de préstamos Signatura topográfica completa Código de barras Visto por última vez Precio de reemplazo Tipo de ítem Koha
        Libros del s. XIX Biblioteca del Ateneo de Madrid Biblioteca del Ateneo de Madrid Depósito Z 18/02/2013     Z-1-F-12 1190815 23/02/2023 23/02/2023 Libro impreso antiguo